[Event "15e Festival de Meurthe et Moselle Blitz"]
[Site "?"]
[Date "2017.02.18"]
[Round "1.1"]
[White "Fressinet, Laurent"]
[Black "Kajganic, Fabien"]
[Result "1-0"]
[LiveChessVersion "1.4.8"]
[BlackElo "1814"]
[WhiteElo "2660"]

1. d4 Nf6 2. Nf3 c5 3. d5 e6 4. Nc3 exd5 5. Nxd5 Nxd5 6. Qxd5 {[%clk 0:04:03]}
Nc6 {[%clk 0:03:27]} 7. e4 {[%clk 0:04:02]} Be7 {[%clk 0:03:18]} 8. Bc4
{[%clk 0:03:55]} O-O {[%clk 0:03:17]} 9. O-O {[%clk 0:03:52]} d6 {[%clk 0:03:13]}
10. Qh5 {[%clk 0:03:50]} g6 {[%clk 0:02:49]} 11. Qh6 {[%clk 0:03:48]} 1-0

[Event "15e Festival de Meurthe et Moselle Blitz"]
[Site "?"]
[Date "2017.02.18"]
[Round "1.3"]
[White "Fridman, Daniel"]
[Black "Levy, Ouriel"]
[Result "1-0"]
[LiveChessVersion "1.4.8"]
[BlackElo "1700"]
[WhiteElo "2594"]

1. d4 {[%clk 0:03:59]} Nf6 {[%clk 0:04:03]} 2. Nf3 {[%clk 0:04:00]} g6
{[%clk 0:04:04]} 3. g3 {[%clk 0:04:01]} Bg7 {[%clk 0:04:05]} 4. Bg2
{[%clk 0:04:01]} c6 {[%clk 0:04:06]} 5. O-O {[%clk 0:04:01]} O-O {[%clk 0:04:06]}
6. c4 {[%clk 0:04:01]} d5 {[%clk 0:04:06]} 7. b3 {[%clk 0:04:01]} Bg4
{[%clk 0:04:05]} 8. Ne5 {[%clk 0:04:01]} Bf5 {[%clk 0:04:04]} 9. Bb2
{[%clk 0:04:01]} Nbd7 {[%clk 0:04:05]} 10. Nc3 {[%clk 0:03:59]} Nxe5
{[%clk 0:04:05]} 11. dxe5 {[%clk 0:03:59]} Nd7 {[%clk 0:04:05]} 12. cxd5
{[%clk 0:03:57]} cxd5 {[%clk 0:04:00]} 13. Qxd5 {[%clk 0:03:25]} Nxe5
{[%clk 0:03:54]} 14. Qxb7 {[%clk 0:03:25]} Rc8 {[%clk 0:03:48]} 15. Rfd1
{[%clk 0:03:18]} Qb6 {[%clk 0:03:39]} 16. Qxb6 {[%clk 0:03:17]} axb6
{[%clk 0:03:39]} 17. Rd2 {[%clk 0:03:02]} Ng4 {[%clk 0:03:17]} 18. Nd5
{[%clk 0:03:00]} Rfe8 {[%clk 0:02:54]} 19. Bxg7 {[%clk 0:02:56]} Kxg7
{[%clk 0:02:55]} 20. Nxb6 {[%clk 0:02:54]} Rc5 {[%clk 0:02:48]} 21. Nc4
{[%clk 0:02:43]} Be6 {[%clk 0:02:41]} 22. h3 {[%clk 0:02:40]} Nh6
{[%clk 0:02:29]} 23. Ne3 {[%clk 0:02:39]} Rec8 {[%clk 0:02:25]} 24. Kh2
{[%clk 0:02:33]} Rh5 {[%clk 0:02:11]} 25. b4 {[%clk 0:02:14]} g5 {[%clk 0:01:45]}
26. Rd4 {[%clk 0:02:04]} f5 {[%clk 0:01:33]} 27. Bd5 {[%clk 0:01:46]} Bxd5
{[%clk 0:01:11]} 28. Rxd5 {[%clk 0:01:45]} f4 {[%clk 0:01:07]} 29. gxf4
{[%clk 0:01:45]} e6 {[%clk 0:00:51]} 30. Rxg5+ {[%clk 0:01:44]} Rxg5
{[%clk 0:00:50]} 31. fxg5 {[%clk 0:01:44]} Nf7 {[%clk 0:00:50]} 32. h4
{[%clk 0:01:41]} Rd8 {[%clk 0:00:46]} 33. Rd1 {[%clk 0:01:26]} Ra8
{[%clk 0:00:37]} 34. Rd2 {[%clk 0:01:26]} Kg6 {[%clk 0:00:24]} 35. b5
{[%clk 0:01:22]} Ra4 {[%clk 0:00:22]} 36. Rb2 {[%clk 0:00:53]} Rxh4+
{[%clk 0:00:16]} 37. Kg3 {[%clk 0:00:54]} Kxg5 {[%clk 0:00:06]} 38. b6
{[%clk 0:00:53]} Nh6 {[%clk 0:00:00]} 39. Rb5+ {[%clk 0:00:53]} Nf5+
{[%clk 0:00:00]} 40. Nxf5 {[%clk 0:00:53]} Rg4+ {[%clk 0:00:00]} 41. Kh3
{[%clk 0:00:53]} exf5 {[%clk 0:00:00]} 42. b7 {[%clk 0:00:53]} h5
{[%clk 0:00:00]} 43. b8=Q {[%clk 0:00:53]} Rh4+ {[%clk 0:00:00]} 44. Kg2
{[%clk 0:00:53]} Rg4+ {[%clk 0:00:00]} 45. Kf1 {[%clk 0:00:53]} h4
{[%clk 0:00:00]} 46. Qe5 {[%clk 0:00:53]} Rf4 {[%clk 0:00:00]} 47. Qg7+
{[%clk 0:00:53]} Kh5 {[%clk 0:00:00]} 48. Rb6 {[%clk 0:00:53]} 1-0

[Event "15e Festival de Meurthe et Moselle Blitz"]
[Site "?"]
[Date "2017.02.18"]
[Round "1.4"]
[White "Steibel, Julien"]
[Black "Nevednichy, Vladislav"]
[Result "0-1"]
[LiveChessVersion "1.4.8"]
[BlackElo "2548"]
[WhiteElo "1588"]

1. e4 {[%clk 0:04:03]} c5 {[%clk 0:04:02]} 2. Nf3 {[%clk 0:04:04]} d6
{[%clk 0:04:02]} 3. d4 {[%clk 0:04:05]} cxd4 {[%clk 0:04:03]} 4. Nxd4
{[%clk 0:04:06]} Nf6 {[%clk 0:04:04]} 5. Nc3 {[%clk 0:04:07]} Nc6
{[%clk 0:04:05]} 6. Nxc6 {[%clk 0:04:03]} bxc6 {[%clk 0:04:05]} 7. Be2
{[%clk 0:04:02]} e6 {[%clk 0:03:51]} 8. Be3 {[%clk 0:03:39]} Be7 {[%clk 0:03:51]}
9. O-O {[%clk 0:03:39]} O-O {[%clk 0:03:50]} 10. f4 {[%clk 0:03:37]} Qa5
{[%clk 0:03:38]} 11. Bf3 {[%clk 0:03:34]} d5 {[%clk 0:03:21]} 12. exd5
{[%clk 0:03:28]} cxd5 {[%clk 0:03:21]} 13. Bd4 {[%clk 0:03:15]} Rb8
{[%clk 0:03:20]} 14. Rb1 {[%clk 0:03:08]} Bc5 {[%clk 0:03:11]} 15. a3
{[%clk 0:03:01]} Qb6 {[%clk 0:02:45]} 16. Bxc5 {[%clk 0:02:49]} Qxc5+
{[%clk 0:02:46]} 17. Kh1 {[%clk 0:02:50]} Bb7 {[%clk 0:02:39]} 18. Ne2
{[%clk 0:02:26]} Ba6 {[%clk 0:02:39]} 19. c3 {[%clk 0:02:21]} Qe3
{[%clk 0:02:35]} 20. Qc2 {[%clk 0:01:54]} Bd3 {[%clk 0:02:28]} 21. Qc1
{[%clk 0:01:44]} Qxc1 {[%clk 0:02:28]} 22. Rfxc1 {[%clk 0:01:31]} Bxb1
{[%clk 0:02:29]} 23. Rxb1 {[%clk 0:01:33]} Rfc8 {[%clk 0:02:29]} 24. Nd4
{[%clk 0:01:32]} Rxc3 {[%clk 0:02:29]} 25. a4 {[%clk 0:01:11]} Rc4
{[%clk 0:02:26]} 26. Nb5 {[%clk 0:00:52]} Rxa4 {[%clk 0:02:26]} 27. Nc3
{[%clk 0:00:39]} Rxf4 {[%clk 0:02:26]} 0-1

[Event "15e Festival de Meurthe et Moselle Blitz"]
[Site "?"]
[Date "2017.02.18"]
[Round "2.1"]
[White "Ronce, Nathan"]
[Black "Fressinet, Laurent"]
[Result "0-1"]
[LiveChessVersion "1.4.8"]
[BlackElo "2660"]
[WhiteElo "2170"]

1. d4 {[%clk 0:03:57]} Nf6 {[%clk 0:04:03]} 2. Bf4 {[%clk 0:03:57]} d6
{[%clk 0:03:58]} 3. e3 {[%clk 0:03:52]} g6 {[%clk 0:03:59]} 4. Be2
{[%clk 0:03:46]} Bg7 {[%clk 0:03:59]} 5. h3 {[%clk 0:03:45]} O-O {[%clk 0:03:59]}
6. Nf3 {[%clk 0:03:46]} b6 {[%clk 0:03:59]} 7. O-O {[%clk 0:03:36]} Bb7
{[%clk 0:04:00]} 8. a4 {[%clk 0:03:36]} a6 {[%clk 0:03:59]} 9. Nbd2
{[%clk 0:03:17]} Nbd7 {[%clk 0:03:59]} 10. Bh2 {[%clk 0:02:58]} Ne4
{[%clk 0:04:00]} 11. Nxe4 {[%clk 0:02:07]} Bxe4 {[%clk 0:03:59]} 12. Nd2
{[%clk 0:02:07]} Bb7 {[%clk 0:03:59]} 13. Bf3 {[%clk 0:01:46]} Qc8
{[%clk 0:03:58]} 14. Bxb7 {[%clk 0:01:26]} Qxb7 {[%clk 0:03:58]} 15. Qf3
{[%clk 0:01:27]} Rab8 {[%clk 0:03:55]} 16. c3 {[%clk 0:01:13]} c5
{[%clk 0:03:53]} 17. Ra3 {[%clk 0:00:37]} Rfc8 {[%clk 0:03:49]} 18. Re1
{[%clk 0:00:35]} Rc7 {[%clk 0:03:34]} 19. Bg3 {[%clk 0:00:34]} b5
{[%clk 0:03:23]} 20. axb5 {[%clk 0:00:33]} axb5 {[%clk 0:03:23]} 21. Qxb7
{[%clk 0:00:21]} Rcxb7 {[%clk 0:03:22]} 22. Rea1 {[%clk 0:00:17]} b4
{[%clk 0:03:22]} 23. Ra7 {[%clk 0:00:16]} h5 {[%clk 0:03:06]} 24. Nc4
{[%clk 0:00:13]} bxc3 {[%clk 0:02:41]} 25. bxc3 {[%clk 0:00:13]} cxd4
{[%clk 0:02:42]} 26. cxd4 {[%clk 0:00:12]} Nf6 {[%clk 0:02:43]} 27. Bh4
{[%clk 0:00:08]} Nd5 {[%clk 0:02:25]} 28. Nd2 {[%clk 0:00:06]} Bh6
{[%clk 0:02:12]} 29. Kh2 {[%clk 0:00:05]} g5 {[%clk 0:02:10]} 30. Bg3
{[%clk 0:00:00]} 0-1

[Event "15e Festival de Meurthe et Moselle Blitz"]
[Site "?"]
[Date "2017.02.18"]
[Round "2.2"]
[White "Gurevich, Mikhail"]
[Black "Muller, Etienne"]
[Result "1-0"]
[LiveChessVersion "1.4.8"]
[BlackElo "2132"]
[WhiteElo "2549"]

1. c4 {[%clk 0:04:02]} c5 {[%clk 0:03:55]} 2. g3 {[%clk 0:04:03]} Nc6
{[%clk 0:03:56]} 3. Bg2 {[%clk 0:04:04]} g6 {[%clk 0:03:57]} 4. Nc3
{[%clk 0:04:05]} Bg7 {[%clk 0:03:58]} 5. Rb1 {[%clk 0:04:06]} d6 {[%clk 0:03:54]}
6. a3 {[%clk 0:04:06]} a5 {[%clk 0:03:35]} 7. e3 {[%clk 0:04:02]} Bf5
{[%clk 0:03:28]} 8. d3 {[%clk 0:04:02]} Qd7 {[%clk 0:03:16]} 9. h3
{[%clk 0:03:47]} Nf6 {[%clk 0:03:03]} 10. Nge2 {[%clk 0:03:42]} O-O
{[%clk 0:02:40]} 11. g4 {[%clk 0:03:41]} Be6 {[%clk 0:02:38]} 12. Nf4
{[%clk 0:03:41]} Rac8 {[%clk 0:02:05]} 13. g5 {[%clk 0:03:12]} Ne8
{[%clk 0:01:57]} 14. Nxe6 {[%clk 0:03:00]} fxe6 {[%clk 0:01:49]} 15. h4
{[%clk 0:02:52]} Nc7 {[%clk 0:01:30]} 16. Qg4 {[%clk 0:02:03]} Ne5
{[%clk 0:01:22]} 17. Qe2 {[%clk 0:01:56]} b5 {[%clk 0:01:18]} 18. f4
{[%clk 0:01:43]} Nf7 {[%clk 0:00:52]} 19. h5 {[%clk 0:01:40]} d5 {[%clk 0:00:38]}
20. hxg6 {[%clk 0:01:38]} hxg6 {[%clk 0:00:38]} 21. Qg4 {[%clk 0:01:25]} bxc4
{[%clk 0:00:12]} 22. dxc4 {[%clk 0:01:24]} d4 {[%clk 0:00:10]} 23. Ne4
{[%clk 0:01:10]} Ne8 {[%clk 0:00:08]} 24. Qh3 {[%clk 0:01:02]} Nfd6
{[%clk 0:00:09]} 25. Qh7+ {[%clk 0:00:54]} Kf7 {[%clk 0:00:11]} 26. Rh6
{[%clk 0:00:54]} Nf5 {[%clk 0:00:07]} 27. Rxg6 {[%clk 0:00:40]} Rh8
{[%clk 0:00:05]} 28. Rxg7+ {[%clk 0:00:40]} Nexg7 {[%clk 0:00:06]} 29. g6+
{[%clk 0:00:40]} Ke8 {[%clk 0:00:06]} 30. Qxh8# {[%clk 0:00:40]} 1-0

[Event "15e Festival de Meurthe et Moselle Blitz"]
[Site "?"]
[Date "2017.02.18"]
[Round "2.3"]
[White "Adrian, Claude"]
[Black "Fridman, Daniel"]
[Result "0-1"]
[LiveChessVersion "1.4.8"]
[BlackElo "2594"]
[WhiteElo "2233"]

1. c4 {[%clk 0:04:03]} e6 {[%clk 0:04:02]} 2. g3 {[%clk 0:04:03]} d5
{[%clk 0:04:03]} 3. Bg2 {[%clk 0:04:04]} Nf6 {[%clk 0:04:04]} 4. Nf3
{[%clk 0:04:04]} d4 {[%clk 0:04:05]} 5. O-O {[%clk 0:03:52]} c5 {[%clk 0:04:06]}
6. b4 {[%clk 0:03:53]} cxb4 {[%clk 0:04:06]} 7. a3 {[%clk 0:03:54]} Nc6
{[%clk 0:04:07]} 8. Bb2 {[%clk 0:03:50]} a5 {[%clk 0:03:59]} 9. e3
{[%clk 0:03:51]} dxe3 {[%clk 0:03:40]} 10. fxe3 {[%clk 0:03:52]} Qd3
{[%clk 0:03:35]} 11. Qc1 {[%clk 0:03:54]} Be7 {[%clk 0:03:12]} 12. Ne1
{[%clk 0:03:55]} Qg6 {[%clk 0:02:34]} 13. d4 {[%clk 0:03:47]} Ng4
{[%clk 0:02:27]} 14. h3 {[%clk 0:03:09]} Nf6 {[%clk 0:02:27]} 15. d5
{[%clk 0:02:58]} Nd8 {[%clk 0:02:28]} 16. Be5 {[%clk 0:01:49]} Nd7
{[%clk 0:02:13]} 17. Bc7 {[%clk 0:01:23]} e5 {[%clk 0:02:11]} 18. Nd2
{[%clk 0:01:08]} Qxg3 {[%clk 0:01:46]} 19. Ne4 {[%clk 0:01:07]} Qg6
{[%clk 0:01:45]} 20. axb4 {[%clk 0:00:41]} f5 {[%clk 0:01:40]} 21. d6
{[%clk 0:00:25]} Bf8 {[%clk 0:01:37]} 22. Nc5 {[%clk 0:00:24]} Bxd6
{[%clk 0:01:28]} 23. Bxd6 {[%clk 0:00:21]} Qxd6 {[%clk 0:01:28]} 24. Rxf5
{[%clk 0:00:14]} Nxc5 {[%clk 0:01:22]} 25. bxc5 {[%clk 0:00:15]} Qxc5
{[%clk 0:01:22]} 26. Rf3 {[%clk 0:00:08]} Nf7 {[%clk 0:01:13]} 27. Nd3
{[%clk 0:00:10]} Qe7 {[%clk 0:01:14]} 28. Rg3 {[%clk 0:00:07]} O-O
{[%clk 0:01:10]} 29. Bd5 {[%clk 0:00:08]} Kh8 {[%clk 0:01:11]} 30. Qc3
{[%clk 0:00:10]} Be6 {[%clk 0:01:08]} 31. Rf1 {[%clk 0:00:11]} Bxd5
{[%clk 0:00:51]} 32. cxd5 {[%clk 0:00:12]} a4 {[%clk 0:00:35]} 33. e4
{[%clk 0:00:07]} a3 {[%clk 0:00:34]} 34. Nb4 {[%clk 0:00:09]} a2 {[%clk 0:00:26]}
35. Rg2 {[%clk 0:00:09]} a1=Q {[%clk 0:00:20]} 36. Rxa1 {[%clk 0:00:09]} Rxa1+
{[%clk 0:00:20]} 37. Qxa1 {[%clk 0:00:11]} Qxb4 {[%clk 0:00:20]} 38. Re2
{[%clk 0:00:05]} Ng5 {[%clk 0:00:20]} 39. Rf2 {[%clk 0:00:04]} Nxh3+
{[%clk 0:00:19]} 40. Kf1 {[%clk 0:00:05]} 0-1

[Event "15e Festival de Meurthe et Moselle Blitz"]
[Site "?"]
[Date "2017.02.18"]
[Round "2.4"]
[White "Nevednichy, Vladislav"]
[Black "Da Silva, Quentin"]
[Result "1-0"]
[LiveChessVersion "1.4.8"]
[BlackElo "2146"]
[WhiteElo "2548"]

1. Nf3 {[%clk 0:04:02]} c5 {[%clk 0:04:02]} 2. e4 {[%clk 0:04:00]} d6
{[%clk 0:04:02]} 3. Bb5+ {[%clk 0:04:00]} Nd7 {[%clk 0:04:01]} 4. O-O
{[%clk 0:04:00]} a6 {[%clk 0:04:01]} 5. Bxd7+ {[%clk 0:04:00]} Bxd7
{[%clk 0:04:01]} 6. d4 {[%clk 0:03:58]} cxd4 {[%clk 0:04:01]} 7. Qxd4
{[%clk 0:03:57]} Nf6 {[%clk 0:03:54]} 8. Bg5 {[%clk 0:03:52]} e6 {[%clk 0:03:25]}
9. c4 {[%clk 0:03:46]} Be7 {[%clk 0:03:21]} 10. Nc3 {[%clk 0:03:46]} O-O
{[%clk 0:03:20]} 11. Rfd1 {[%clk 0:03:42]} Bc6 {[%clk 0:02:51]} 12. Rac1
{[%clk 0:03:30]} Qd7 {[%clk 0:02:19]} 13. Qe3 {[%clk 0:03:08]} Qc7
{[%clk 0:02:04]} 14. Qe2 {[%clk 0:02:51]} Rfd8 {[%clk 0:01:56]} 15. Bf4
{[%clk 0:02:36]} Qa5 {[%clk 0:01:42]} 16. h3 {[%clk 0:02:36]} Rac8
{[%clk 0:01:30]} 17. Bd2 {[%clk 0:02:30]} Qh5 {[%clk 0:01:24]} 18. Re1
{[%clk 0:02:22]} b5 {[%clk 0:01:15]} 19. cxb5 {[%clk 0:02:18]} axb5
{[%clk 0:01:10]} 20. a3 {[%clk 0:02:13]} Rb8 {[%clk 0:00:44]} 21. Nd4
{[%clk 0:02:01]} Qxe2 {[%clk 0:00:39]} 22. Rxe2 {[%clk 0:02:02]} Bd7
{[%clk 0:00:34]} 23. Nc2 {[%clk 0:01:46]} Rdc8 {[%clk 0:00:32]} 24. Ree1
{[%clk 0:01:41]} Bc6 {[%clk 0:00:20]} 25. Nb4 {[%clk 0:01:41]} Ba8
{[%clk 0:00:19]} 26. Bf4 {[%clk 0:01:41]} Rd8 {[%clk 0:00:10]} 27. Rcd1
{[%clk 0:01:40]} e5 {[%clk 0:00:09]} 28. Bg5 {[%clk 0:01:39]} h6 {[%clk 0:00:07]}
29. Bxf6 {[%clk 0:01:40]} Bxf6 {[%clk 0:00:07]} 30. Ncd5 {[%clk 0:01:39]} Bxd5
{[%clk 0:00:08]} 31. exd5 {[%clk 0:01:37]} Rdc8 {[%clk 0:00:06]} 32. Nc6
{[%clk 0:01:36]} Rb7 {[%clk 0:00:05]} 33. Re4 {[%clk 0:01:36]} Rbc7
{[%clk 0:00:04]} 34. Rb4 {[%clk 0:01:35]} Rb7 {[%clk 0:00:04]} 35. g3
{[%clk 0:01:31]} Kf8 {[%clk 0:00:05]} 36. Kg2 {[%clk 0:01:31]} Be7
{[%clk 0:00:06]} 37. Rd3 {[%clk 0:01:31]} f5 {[%clk 0:00:05]} 38. Rdb3
{[%clk 0:01:31]} Kf7 {[%clk 0:00:04]} 39. Rxb5 {[%clk 0:01:31]} Rxb5
{[%clk 0:00:05]} 40. Rxb5 {[%clk 0:01:32]} Ra8 {[%clk 0:00:04]} 41. Rb7
{[%clk 0:01:33]} 1-0

[Event "15e Festival de Meurthe et Moselle Blitz"]
[Site "?"]
[Date "2017.02.18"]
[Round "3.1"]
[White "Fressinet, Laurent"]
[Black "Doluhanova, Evgeniya"]
[Result "1-0"]
[LiveChessVersion "1.4.8"]
[BlackElo "2259"]
[WhiteElo "2660"]

1. d4 {[%clk 0:04:03]} Nf6 {[%clk 0:04:03]} 2. Nf3 {[%clk 0:04:03]} e6
{[%clk 0:04:03]} 3. c4 {[%clk 0:04:04]} Bb4+ {[%clk 0:03:58]} 4. Bd2
{[%clk 0:04:04]} Qe7 {[%clk 0:03:59]} 5. g3 {[%clk 0:03:56]} O-O {[%clk 0:03:55]}
6. Bg2 {[%clk 0:03:55]} Nc6 {[%clk 0:03:55]} 7. O-O {[%clk 0:03:52]} Bxd2
{[%clk 0:03:46]} 8. Qxd2 {[%clk 0:03:46]} d6 {[%clk 0:03:34]} 9. Nc3
{[%clk 0:03:46]} e5 {[%clk 0:03:35]} 10. Nd5 {[%clk 0:03:35]} Qd8
{[%clk 0:03:19]} 11. Rfd1 {[%clk 0:03:22]} Bg4 {[%clk 0:02:46]} 12. dxe5
{[%clk 0:03:22]} dxe5 {[%clk 0:02:44]} 13. Qc3 {[%clk 0:03:04]} Bxf3
{[%clk 0:02:21]} 14. Qxf3 {[%clk 0:03:03]} Nxd5 {[%clk 0:02:01]} 15. cxd5
{[%clk 0:03:00]} Nd4 {[%clk 0:02:01]} 16. Qd3 {[%clk 0:03:00]} Qf6
{[%clk 0:01:50]} 17. Rac1 {[%clk 0:02:57]} Rac8 {[%clk 0:01:48]} 18. e3
{[%clk 0:02:38]} Nf5 {[%clk 0:01:48]} 19. Bh3 {[%clk 0:02:31]} g6
{[%clk 0:01:35]} 20. e4 {[%clk 0:02:25]} Nd4 {[%clk 0:01:36]} 21. Bxc8 Rxc8
{[%clk 0:01:36]} 22. Kg2 {[%clk 0:02:23]} g5 {[%clk 0:01:32]} 23. Rc4
{[%clk 0:02:17]} g4 {[%clk 0:01:29]} 24. Rdc1 {[%clk 0:02:11]} c6
{[%clk 0:01:29]} 25. Rd1 {[%clk 0:01:56]} h5 {[%clk 0:01:24]} 26. Rxd4
{[%clk 0:01:50]} exd4 {[%clk 0:01:25]} 27. Qxd4 {[%clk 0:01:50]} Qf3+
{[%clk 0:01:22]} 28. Kg1 {[%clk 0:01:52]} cxd5 {[%clk 0:01:18]} 29. exd5
{[%clk 0:01:50]} Rc2 {[%clk 0:01:18]} 30. Re1 {[%clk 0:01:29]} Re2
{[%clk 0:01:03]} 31. Rxe2 {[%clk 0:01:22]} Qxe2 {[%clk 0:01:04]} 32. d6
{[%clk 0:01:23]} Qc2 {[%clk 0:00:34]} 33. d7 {[%clk 0:01:16]} Qc1+
{[%clk 0:00:35]} 34. Kg2 {[%clk 0:01:17]} Qc6+ {[%clk 0:00:36]} 35. Kf1
{[%clk 0:01:18]} Qc1+ {[%clk 0:00:17]} 36. Ke2 {[%clk 0:01:19]} Qc2+
{[%clk 0:00:17]} 37. Ke3 {[%clk 0:01:17]} Qc1+ {[%clk 0:00:17]} 38. Qd2
{[%clk 0:01:03]} Qc5+ {[%clk 0:00:17]} 39. Ke2 {[%clk 0:01:03]} Qb5+
{[%clk 0:00:07]} 40. Qd3 {[%clk 0:00:50]} Qe5+ {[%clk 0:00:08]} 41. Kd1
{[%clk 0:00:48]} 1-0

[Event "15e Festival de Meurthe et Moselle Blitz"]
[Site "?"]
[Date "2017.02.18"]
[Round "3.2"]
[White "Loiseau, Jean"]
[Black "Gurevich, Mikhail"]
[Result "0-1"]
[LiveChessVersion "1.4.8"]
[BlackElo "2549"]
[WhiteElo "1955"]

1. e4 {[%clk 0:04:02]} d6 {[%clk 0:04:03]} 2. d4 {[%clk 0:04:02]} g6
{[%clk 0:04:04]} 3. Nf3 {[%clk 0:04:02]} Bg7 {[%clk 0:04:05]} 4. Nc3
{[%clk 0:04:03]} Nf6 {[%clk 0:04:04]} 5. Be2 {[%clk 0:04:03]} O-O
{[%clk 0:04:05]} 6. O-O {[%clk 0:04:02]} Bg4 {[%clk 0:04:05]} 7. Be3
{[%clk 0:03:58]} Nc6 {[%clk 0:04:05]} 8. h3 {[%clk 0:03:55]} Bxf3
{[%clk 0:04:04]} 9. Bxf3 {[%clk 0:03:55]} Re8 {[%clk 0:04:05]} 10. Be2
{[%clk 0:03:48]} e5 {[%clk 0:04:03]} 11. dxe5 {[%clk 0:03:48]} dxe5
{[%clk 0:04:02]} 12. f3 {[%clk 0:03:41]} Nd4 {[%clk 0:04:00]} 13. Bc4
{[%clk 0:03:34]} c6 {[%clk 0:03:59]} 14. a4 {[%clk 0:03:34]} Nh5 {[%clk 0:03:49]}
15. Ne2 {[%clk 0:03:25]} Qe7 {[%clk 0:03:12]} 16. c3 {[%clk 0:02:57]} Nxe2+
{[%clk 0:02:50]} 17. Bxe2 {[%clk 0:02:57]} Bf6 {[%clk 0:02:47]} 18. b4
{[%clk 0:02:40]} Bg5 {[%clk 0:01:58]} 19. Bc5 {[%clk 0:02:37]} Qf6
{[%clk 0:01:59]} 20. Qd6 {[%clk 0:02:22]} Re6 {[%clk 0:01:52]} 21. Qd7
{[%clk 0:02:16]} b6 {[%clk 0:01:46]} 22. Bf2 {[%clk 0:02:12]} Re7
{[%clk 0:01:45]} 23. Qd1 {[%clk 0:02:05]} Bf4 {[%clk 0:01:45]} 24. g4
{[%clk 0:01:59]} Ng3 {[%clk 0:01:43]} 25. Bxg3 {[%clk 0:01:53]} Bxg3
{[%clk 0:01:44]} 26. Kg2 {[%clk 0:01:53]} Bf4 {[%clk 0:01:44]} 27. Qe1
{[%clk 0:01:53]} Rd7 {[%clk 0:01:43]} 28. Rd1 {[%clk 0:01:37]} Rxd1
{[%clk 0:01:42]} 29. Bxd1 {[%clk 0:01:38]} Rd8 {[%clk 0:01:42]} 30. Rf2
{[%clk 0:01:22]} Kg7 {[%clk 0:01:26]} 31. Re2 {[%clk 0:01:22]} Rd3
{[%clk 0:01:23]} 32. Bc2 {[%clk 0:01:18]} Rxf3 {[%clk 0:01:22]} 33. Kxf3
{[%clk 0:01:11]} Bd2+ {[%clk 0:01:22]} 34. Kg2 {[%clk 0:01:12]} Bxe1
{[%clk 0:01:22]} 35. Rxe1 {[%clk 0:01:13]} Qf4 {[%clk 0:01:23]} 36. Re2
{[%clk 0:01:08]} Qc1 {[%clk 0:01:20]} 37. c4 {[%clk 0:01:05]} Qb2
{[%clk 0:01:18]} 38. b5 {[%clk 0:01:04]} c5 {[%clk 0:01:19]} 39. Kf3
{[%clk 0:00:34]} Qc3+ {[%clk 0:01:19]} 40. Kf2 {[%clk 0:00:35]} Qxc4
{[%clk 0:01:19]} 41. Kf3 {[%clk 0:00:36]} Qc3+ {[%clk 0:01:19]} 42. Kg2
{[%clk 0:00:36]} c4 {[%clk 0:01:21]} 43. h4 {[%clk 0:00:28]} f6 {[%clk 0:01:15]}
44. h5 {[%clk 0:00:22]} gxh5 {[%clk 0:01:13]} 45. gxh5 {[%clk 0:00:22]} Kh6
{[%clk 0:01:13]} 46. Bd1 {[%clk 0:00:19]} Qc1 {[%clk 0:01:10]} 47. Re1
{[%clk 0:00:11]} Qd2+ {[%clk 0:01:10]} 48. Kf1 {[%clk 0:00:12]} c3
{[%clk 0:01:10]} 0-1

[Event "15e Festival de Meurthe et Moselle Blitz"]
[Site "?"]
[Date "2017.02.18"]
[Round "3.3"]
[White "Fridman, Daniel"]
[Black "Vignale, Stephane"]
[Result "1-0"]
[LiveChessVersion "1.4.8"]
[BlackElo "2040"]
[WhiteElo "2594"]

1. Nf3 {[%clk 0:04:02]} d6 {[%clk 0:04:03]} 2. d4 {[%clk 0:04:02]} Nf6
{[%clk 0:04:03]} 3. c4 {[%clk 0:04:03]} Nbd7 {[%clk 0:04:03]} 4. Nc3
{[%clk 0:04:04]} e5 {[%clk 0:04:03]} 5. g3 {[%clk 0:04:04]} Be7 {[%clk 0:04:02]}
6. Bg2 {[%clk 0:04:05]} c6 {[%clk 0:04:03]} 7. O-O {[%clk 0:04:03]} O-O
{[%clk 0:04:02]} 8. e4 {[%clk 0:04:04]} Re8 {[%clk 0:03:59]} 9. h3
{[%clk 0:04:05]} Qc7 {[%clk 0:03:57]} 10. Be3 {[%clk 0:04:05]} Nf8
{[%clk 0:03:56]} 11. Qc2 {[%clk 0:04:01]} Be6 {[%clk 0:03:53]} 12. b3
{[%clk 0:03:57]} Ng6 {[%clk 0:03:47]} 13. Rac1 {[%clk 0:03:54]} Rad8
{[%clk 0:03:43]} 14. Rfd1 {[%clk 0:03:54]} Bf8 {[%clk 0:03:28]} 15. d5
{[%clk 0:03:50]} cxd5 {[%clk 0:03:20]} 16. cxd5 {[%clk 0:03:46]} Bd7
{[%clk 0:03:20]} 17. Qb2 {[%clk 0:03:33]} Qb8 {[%clk 0:03:18]} 18. Qa3
{[%clk 0:03:33]} a6 {[%clk 0:03:17]} 19. Bb6 {[%clk 0:03:32]} Rc8
{[%clk 0:03:15]} 20. Nd2 {[%clk 0:03:32]} Be7 {[%clk 0:03:02]} 21. Nc4
{[%clk 0:03:33]} Bb5 {[%clk 0:02:56]} 22. Nxb5 {[%clk 0:03:24]} axb5
{[%clk 0:02:56]} 23. Ba7 {[%clk 0:03:08]} Qc7 {[%clk 0:02:12]} 24. Nb6 Qb8 25.
Nc4 b4 26. Qa4 Qc7 27. Be3 1-0

[Event "15e Festival de Meurthe et Moselle Blitz"]
[Site "?"]
[Date "2017.02.18"]
[Round "3.4"]
[White "Cahen, Alexis"]
[Black "Nevednichy, Vladislav"]
[Result "0-1"]
[LiveChessVersion "1.4.8"]
[BlackElo "2548"]
[WhiteElo "1967"]

1. Nf3 {[%clk 0:04:02]} Nf6 {[%clk 0:04:01]} 2. d4 {[%clk 0:04:02]} g6
{[%clk 0:04:01]} 3. c4 {[%clk 0:04:03]} Bg7 {[%clk 0:04:02]} 4. Nc3
{[%clk 0:04:04]} O-O {[%clk 0:04:02]} 5. e4 {[%clk 0:04:04]} d6 {[%clk 0:04:03]}
6. Be2 {[%clk 0:03:58]} Nbd7 {[%clk 0:04:03]} 7. O-O {[%clk 0:03:56]} e5
{[%clk 0:04:04]} 8. dxe5 {[%clk 0:03:51]} dxe5 {[%clk 0:04:05]} 9. Ne1
{[%clk 0:03:32]} c6 {[%clk 0:04:02]} 10. Nd3 {[%clk 0:03:32]} Qe7
{[%clk 0:03:55]} 11. Be3 {[%clk 0:03:29]} Rd8 {[%clk 0:03:53]} 12. b4
{[%clk 0:03:15]} Nf8 {[%clk 0:03:40]} 13. Bc5 {[%clk 0:02:56]} Qe8
{[%clk 0:03:37]} 14. Qc2 {[%clk 0:02:52]} Ne6 {[%clk 0:03:31]} 15. Be3
{[%clk 0:02:52]} Nd4 {[%clk 0:03:30]} 16. Qd2 {[%clk 0:02:35]} Be6
{[%clk 0:03:13]} 17. c5 {[%clk 0:02:06]} Bc4 {[%clk 0:03:10]} 18. Rfd1
{[%clk 0:01:54]} Rd7 {[%clk 0:02:35]} 19. Kh1 {[%clk 0:01:12]} Rad8
{[%clk 0:02:35]} 20. Nxe5 {[%clk 0:01:05]} Qxe5 {[%clk 0:02:18]} 21. Bxc4
{[%clk 0:01:02]} Nf3 {[%clk 0:01:41]} 22. gxf3 {[%clk 0:00:21]} Rxd2
{[%clk 0:01:42]} 23. Bxd2 {[%clk 0:00:20]} Rxd2 {[%clk 0:01:36]} 24. Rxd2
{[%clk 0:00:15]} Qxc3 {[%clk 0:01:36]} 25. Rd8+ {[%clk 0:00:16]} Bf8
{[%clk 0:01:37]} 0-1